|
|
|
|
| LEADER |
00000nam0a2200000 4500 |
| 001 |
106079 |
| 005 |
20231101214641.0 |
| 035 |
|
|
|a (RuTPU)RU\TPU\book\114474
|
| 090 |
|
|
|a 106079
|
| 100 |
|
|
|a 20061130d1975 m y0rusy50 ca
|
| 101 |
0 |
|
|a rus
|
| 102 |
|
|
|a RU
|
| 105 |
|
|
|a a j 001zy
|
| 200 |
1 |
|
|a Инертные газы
|e методическое пособие
|f Л. Н. Попова
|g Калининский политехнический институт
|
| 210 |
|
|
|a Калинин
|c Изд-во Калининского политех. инст-та
|d 1975
|
| 215 |
|
|
|a 16 с.
|c ил.
|
| 320 |
|
|
|a Библиогр.: с. 16.
|
| 606 |
1 |
|
|a Инертные газы
|x Химия
|2 stltpush
|3 (RuTPU)RU\TPU\subj\75016
|9 86916
|
| 610 |
1 |
|
|a методические пособия
|
| 675 |
|
|
|a 546.29(075.8)
|v 3
|
| 700 |
|
1 |
|a Попова
|b Л. Н.
|
| 712 |
0 |
2 |
|a Калининский политехнический институт
|2 stltpush
|3 (RuTPU)RU\TPU\col\7669
|
| 801 |
|
1 |
|a RU
|b 63413507
|c 20061130
|g PSBO
|
| 801 |
|
2 |
|a RU
|b 63413507
|c 20160205
|g PSBO
|
| 942 |
|
|
|c BK
|